<?xml version="1.0" encoding="UTF-8"?><?xml-stylesheet type="text/xsl" href="static/style.xsl"?><OAI-PMH xmlns="http://www.openarchives.org/OAI/2.0/" xmlns:xsi="http://www.w3.org/2001/XMLSchema-instance" xsi:schemaLocation="http://www.openarchives.org/OAI/2.0/ http://www.openarchives.org/OAI/2.0/OAI-PMH.xsd"><responseDate>2026-04-17T09:39:30Z</responseDate><request verb="GetRecord" identifier="oai:riubu.ubu.es:10259/4160" metadataPrefix="marc">https://riubu.ubu.es/oai/request</request><GetRecord><record><header><identifier>oai:riubu.ubu.es:10259/4160</identifier><datestamp>2021-11-10T09:38:22Z</datestamp><setSpec>com_10259_4145</setSpec><setSpec>com_10259_5086</setSpec><setSpec>com_10259_2604</setSpec><setSpec>col_10259_4146</setSpec></header><metadata><record xmlns="http://www.loc.gov/MARC21/slim" xmlns:doc="http://www.lyncode.com/xoai" xmlns:xsi="http://www.w3.org/2001/XMLSchema-instance" xmlns:dcterms="http://purl.org/dc/terms/" xsi:schemaLocation="http://www.loc.gov/MARC21/slim http://www.loc.gov/standards/marcxml/schema/MARC21slim.xsd">
<leader>00925njm 22002777a 4500</leader>
<datafield tag="042" ind1=" " ind2=" ">
<subfield code="a">dc</subfield>
</datafield>
<datafield tag="720" ind1=" " ind2=" ">
<subfield code="a">Paniagua Pardo, Adriana</subfield>
<subfield code="e">author</subfield>
</datafield>
<datafield tag="720" ind1=" " ind2=" ">
<subfield code="a">Meneses Villagrá, Jesús Ángel</subfield>
<subfield code="e">author</subfield>
</datafield>
<datafield tag="260" ind1=" " ind2=" ">
<subfield code="c">2006</subfield>
</datafield>
<datafield tag="520" ind1=" " ind2=" ">
<subfield code="a">Se ha realizado un análisis de la Teoría de la Asimilación de&#xd;
Ausubel, la cual constituye la sustentación teórica del aprendizaje significativo.&#xd;
Como producto de dicho análisis se ha planteado una Teoría Reformulada de la&#xd;
Asimilación (TRA). Se establecieron puntos de vista, precisando las&#xd;
coincidencias y diferencias entre la Teoría de la Asimilación de Ausubel y la&#xd;
Teoría Reformulada de la Asimilación. Esta reformulación se concreta en la&#xd;
representación gráfica del comportamiento de la fuerza de disociación en las&#xd;
etapas de asimilación y asimilación obliterativa. La reformulación de la Teoría&#xd;
de la Asimilación, la cual manteniendo su concepción original, introduce nuevos&#xd;
conceptos que hacen un ajuste fino de dicha teoría, ofrece una plataforma&#xd;
teórica para la explicación de procesos mentales cognitivos que se encuentra&#xd;
actualizada con los aportes de la psicología cognitiva. En base a la&#xd;
reformulación de la Teoría de la Asimilación se hace una propuesta de&#xd;
estructura cognitiva.</subfield>
</datafield>
<datafield tag="520" ind1=" " ind2=" ">
<subfield code="a">An analysis of the Theory of Ausubel's Assimilation which&#xd;
constitutes the theoretical sustentation of the significant learning has been&#xd;
done. Since product of the above mentioned analysis has appeared a newly&#xd;
enunciated theory of the Assimilation (NETA). Points of view were established,&#xd;
specifying the coincidences and differences between the Ausubel's Assimilation&#xd;
theory and the newly enunciated theory of the Assimilation. This reformulation&#xd;
makes concrete in the graphical representation of the behavior of the force of&#xd;
dissociation in the stages of assimilation and the obliterative assimilation. The&#xd;
new make up of the Theory of the Assimilation, which maintain its original&#xd;
conception, introduces new concepts that do a thin adjustment of the above&#xd;
mentioned theory, offers a theoretical platform for the explanation of mental&#xd;
cognitive processes that is updated by the contributions of the cognitive&#xd;
psychology. In this work we propose an offer of cognitive structure on the&#xd;
basis of the reformulation of the Theory of the Assimilation</subfield>
</datafield>
<datafield tag="024" ind2=" " ind1="8">
<subfield code="a">1579-1513</subfield>
</datafield>
<datafield tag="024" ind2=" " ind1="8">
<subfield code="a">http://hdl.handle.net/10259/4160</subfield>
</datafield>
<datafield ind1=" " ind2=" " tag="653">
<subfield code="a">Ausubel</subfield>
</datafield>
<datafield ind1=" " ind2=" " tag="653">
<subfield code="a">asimilación</subfield>
</datafield>
<datafield ind1=" " ind2=" " tag="653">
<subfield code="a">reformulación</subfield>
</datafield>
<datafield ind1=" " ind2=" " tag="653">
<subfield code="a">estructura cognoscitiva</subfield>
</datafield>
<datafield ind1=" " ind2=" " tag="653">
<subfield code="a">Assimilation</subfield>
</datafield>
<datafield ind1=" " ind2=" " tag="653">
<subfield code="a">Theory´s redrawing</subfield>
</datafield>
<datafield ind1=" " ind2=" " tag="653">
<subfield code="a">cognitive structure</subfield>
</datafield>
<datafield tag="245" ind1="0" ind2="0">
<subfield code="a">Teoría Reformulada de la Asimilación (TRA): análisis, interpretación, coincidencias y diferencias con la Teoría de la Asimilación de Ausubel</subfield>
</datafield>
</record></metadata></record></GetRecord></OAI-PMH>